000 02687cam a2200289 4500500
005 20251228080753.0
041 _afre
042 _adc
100 1 0 _aVulbeau, Alain
_eauthor
245 0 0 _aL’espace symbolique du travail de jeunesse
260 _c2015.
500 _a20
520 _aLa « jeunesse » est présentée comme une « question juvénile » ou comme la section « en âge » de la question sociale. La jeunesse est aujourd’hui localisée, maintenue, dans un « hors-jeu » social, économique, politique. De multiples contradictions, en cascade et en imbrication structurent la question juvénile, dans le sens d’une illisibilité de ses termes, d’une dispersion de ses références institutionnelles. Le texte proposé ne porte pas sur la question juvénile mais sur le sens des réponses apportées à cette question, à ce « hors-jeu ». Il s’agit d’une tentative de repérage des investissements symboliques placés sur la jeunesse à travers le travail pour, avec ou contre autrui. Mais l’article montre aussi la fécondité de cet espace « hors jeu », en considérant le travail que la jeunesse effectue sur elle-même et les formes inattendues de manifestation qu’elle trouve pour en faire une question politique.
520 _a“Youth” is often presented as a problem in itself or as an age group question to be treated in the wider context of the “social question”. Today young people are economically, politically and socially kept “out of the game”. Many intermeshed contradictions give a kind of structure to this question of “youth”, making its’ terms incomprehensible and dispersing its institutional references. The author does not attempt to respond to this “question of youth” but to analyze the meanings of responses given to it. The article attempts to identify the symbolic charge placed in youth as conceived as being for, with and against other people. The article also discusses how youth works on itself thus creating a rich and varied space “out of the game”. This “youth work” tales unexpected forms turning “youth” into a political question.
690 _a« travail de jeunesse »
690 _aespaces d’exclusion
690 _aplace de la jeunesse
690 _aquestion juvénile
690 _aquestion sociale
690 _a“work of youth”
690 _alocalization of exclusion
690 _asocial question
690 _astatus of youth
690 _ayouth question
786 0 _nVie sociale | 12 | 4 | 2015-11-24 | p. 29-36 | 0042-5605
856 4 1 _uhttps://shs.cairn.info/revue-vie-sociale-2015-4-page-29?lang=fr&redirect-ssocas=7080
999 _c1598827
_d1598827